[Event "Gausdal Classics IM-A"]
[Site "Gausdal NOR"]
[Date "2005.04.14"]
[Round "2.4"]
[White "Johannessen, Svein"]
[Black "Bentsen, Hakon"]
[Result "1/2-1/2"]
[WhiteElo "2281"]
[BlackElo "2159"]
[PlyCount "63"]
[EventDate "2005.04.14"]
[EventType "swiss"]
[EventRounds "9"]
[EventCountry "NOR"]
[EventCategory "2"]
[Source "lmi"]
[SourceDate "2005.04.22"]

1. g3 d5 2. f4 Nf6 3. Nf3 g6 4. Bg2 Bg7 5. O-O O-O 6. d3 c6 7. e3 Qb6 8. Qe2
Nbd7 9. Nc3 Ng4 10. Nd1 Nc5 11. h3 Nh6 12. Nf2 Qc7 13. d4 Nd7 14. g4 f5 15. c4
Nb6 16. g5 Nf7 17. cxd5 cxd5 18. Bd2 Bd7 19. h4 Rfc8 20. Rfc1 Qd8 21. Ba5 e6
22. h5 Rxc1+ 23. Rxc1 Rc8 24. Rxc8 Qxc8 25. Bxb6 axb6 26. hxg6 hxg6 27. Nh4 Nh8
28. Qd2 Bf8 29. Bf1 Bd6 30. Nd3 Bb5 31. Nf3 Nf7 32. Be2 1/2-1/2

[Event "Gausdal Classics IM-A"]
[Site "Gausdal NOR"]
[Date "2005.04.14"]
[Round "2.5"]
[White "Cooksey, Paul"]
[Black "Ferkingstad, Sjur"]
[Result "1-0"]
[WhiteElo "2252"]
[BlackElo "2237"]
[PlyCount "105"]
[EventDate "2005.04.14"]
[EventType "swiss"]
[EventRounds "9"]
[EventCountry "NOR"]
[EventCategory "2"]
[Source "lmi"]
[SourceDate "2005.04.22"]

1. d4 f5 2. Nc3 Nf6 3. Bg5 d5 4. Bxf6 exf6 5. e3 Be6 6. Bd3 Qd7 7. Nge2 Nc6 8.
Bb5 O-O-O 9. Qd2 Bd6 10. a3 Bf7 11. b4 Kb8 12. Na4 a6 13. Bxc6 Qxc6 14. Nc5 g5
15. O-O Rhe8 16. a4 Bh5 17. b5 Qb6 18. a5 Qxb5 19. Nc3 Qc6 20. N3a4 Ka7 21.
Rfb1 Rb8 22. Qd3 f4 23. Rb3 fxe3 24. fxe3 Bg6 25. Qe2 Bf5 26. Rab1 Bc8 27. Qf3
g4 28. Qf1 f5 29. g3 h5 30. Qg2 h4 31. c4 Bxc5 32. Nxc5 hxg3 33. hxg3 Qh6 34.
Qxd5 b6 35. Qf7 Bb7 36. Nxb7 Rh8 37. axb6+ Ka8 38. Qd5 Qh2+ 39. Kf1 Qh3+ 40.
Qg2 Rxb7 41. bxc7 Qxg2+ 42. Kxg2 Rxc7 43. c5 Rch7 44. R3b2 Rh2+ 45. Kf1 Rh1+
46. Ke2 R1h3 47. Rb6 Rh2+ 48. Kd3 Ra2 49. c6 Rc8 50. d5 Ra5 51. Kc4 Re8 52. c7
Ra4+ 53. Kc5 1-0

[Event "Gausdal Classics IM-A"]
[Site "Gausdal NOR"]
[Date "2005.04.15"]
[Round "3.1"]
[White "Ferkingstad, Sjur"]
[Black "Kveinys, Aloyzas"]
[Result "0-1"]
[WhiteElo "2237"]
[BlackElo "2539"]
[PlyCount "80"]
[EventDate "2005.04.14"]
[EventType "swiss"]
[EventRounds "9"]
[EventCountry "NOR"]
[EventCategory "2"]
[Source "lmi"]
[SourceDate "2005.04.22"]

1. e4 c5 2. b3 e6 3. Bb2 a6 4. Nf3 Nc6 5. a4 d6 6. Nc3 Be7 7. Be2 Bf6 8. O-O
Nge7 9. Ne1 Nd4 10. Nd3 Nec6 11. f4 O-O 12. Kh1 g6 13. Bf3 Bg7 14. Ne2 Nxf3 15.
Rxf3 f6 16. Nf2 e5 17. c3 f5 18. b4 fxe4 19. Nxe4 c4 20. b5 axb5 21. axb5 Na5
22. fxe5 Rxf3 23. gxf3 Bxe5 24. N2g3 b6 25. d4 cxd3 26. Qxd3 Bb7 27. Rg1 Qh4
28. Bc1 Rf8 29. Kg2 Qe7 30. Rf1 Rc8 31. Bg5 Qe6 32. Qe3 Nc4 33. Qe2 Ra8 34. Kg1
Re8 35. Qd1 d5 36. Nf2 Bxc3 37. Ng4 Bg7 38. Kf2 h5 39. Nh6+ Kh7 40. Nxh5 gxh5
0-1

[Event "Gausdal Classics IM-A"]
[Site "Gausdal NOR"]
[Date "2005.04.15"]
[Round "3.2"]
[White "Bentsen, Hakon"]
[Black "Cooksey, Paul"]
[Result "1-0"]
[WhiteElo "2159"]
[BlackElo "2252"]
[PlyCount "73"]
[EventDate "2005.04.14"]
[EventType "swiss"]
[EventRounds "9"]
[EventCountry "NOR"]
[EventCategory "2"]
[Source "lmi"]
[SourceDate "2005.04.22"]

1. e4 c6 2. d4 d5 3. Nc3 dxe4 4. Nxe4 Nd7 5. Nf3 Ngf6 6. Nxf6+ Nxf6 7. Bc4 Nd5
8. O-O Bg4 9. a4 e6 10. c3 Bd6 11. Be2 Qc7 12. h3 Bh5 13. Re1 O-O 14. Ne5 Bxe5
15. Bxh5 Bf6 16. Bf3 Rad8 17. Qb3 Rd7 18. a5 a6 19. Be3 Rfd8 20. g3 Be7 21. Kg2
g6 22. Ra4 c5 23. Bxd5 Rxd5 24. dxc5 Bxc5 25. Rc4 Qxa5 26. Qxb7 Bxe3 27. Rxe3
R5d7 28. Qc6 Qa1 29. Rf4 Qxb2 30. Rxe6 Qd2 31. Ref6 Re7 32. Qc4 Rdd7 33. Rxa6
Rc7 34. Qd4 Qxd4 35. cxd4 Rc2 36. d5 Rd2 37. d6 1-0

[Event "Gausdal Classics IM-A"]
[Site "Gausdal NOR"]
[Date "2005.04.15"]
[Round "3.3"]
[White "Hole, Oystein"]
[Black "Johannessen, Svein"]
[Result "1-0"]
[WhiteElo "2329"]
[BlackElo "2281"]
[PlyCount "103"]
[EventDate "2005.04.14"]
[EventType "swiss"]
[EventRounds "9"]
[EventCountry "NOR"]
[EventCategory "2"]
[Source "lmi"]
[SourceDate "2005.04.22"]

1. Nf3 b6 2. e4 Bb7 3. Nc3 e6 4. d4 Bb4 5. Bd3 Bxc3+ 6. bxc3 d6 7. O-O Nf6 8.
Qe2 Nbd7 9. Ba3 O-O 10. e5 Ne8 11. Nd2 c5 12. f4 Qc7 13. Qe3 g6 14. Rae1 Rc8
15. g4 dxe5 16. dxe5 Ng7 17. c4 f5 18. exf6 Nxf6 19. h3 Qc6 20. Ne4 Nxe4 21.
Bxe4 Qxe4 22. Qxe4 Bxe4 23. Rxe4 Rcd8 24. Bb2 Rf7 25. Rf2 Rdf8 26. Kg2 Rd8 27.
Bc3 Rd6 28. Kf3 Rfd7 29. Rfe2 Kf7 30. Bxg7 Kxg7 31. Rxe6 Rxe6 32. Rxe6 Kf7 33.
Rc6 Rd4 34. Rc7+ Kg8 35. Rxa7 Rxc4 36. f5 gxf5 37. gxf5 b5 38. a3 Rxc2 39. Kf4
b4 40. axb4 cxb4 41. Rb7 b3 42. Rxb3 Rc7 43. Rb6 Kf7 44. Kg5 Kg7 45. h4 Ra7 46.
h5 Rc7 47. h6+ Kf7 48. Rb8 Rc2 49. Rb7+ Kf8 50. Rxh7 Rc6 51. Rh8+ Kf7 52. Ra8
1-0

[Event "Gausdal Classics IM-A"]
[Site "Gausdal NOR"]
[Date "2005.04.15"]
[Round "3.4"]
[White "Westerinen, Heikki MJ"]
[Black "Moskow, Eric"]
[Result "1-0"]
[WhiteElo "2365"]
[BlackElo "2194"]
[PlyCount "61"]
[EventDate "2005.04.14"]
[EventType "swiss"]
[EventRounds "9"]
[EventCountry "NOR"]
[EventCategory "2"]
[Source "lmi"]
[SourceDate "2005.04.22"]

1. e4 c5 2. Nf3 d6 3. d4 cxd4 4. Nxd4 Nf6 5. f3 e5 6. Bb5+ Nbd7 7. Nf5 d5 8.
exd5 a6 9. Ba4 b5 10. Bb3 Nb6 11. Qd3 Qd7 12. Ne3 Bc5 13. Nc3 O-O 14. Ne4 Nxe4
15. fxe4 Bb7 16. Nf5 Kh8 17. Be3 Bxe3 18. Qxe3 Nc4 19. Bxc4 bxc4 20. O-O g6 21.
Qh6 f6 22. Ne3 Qc7 23. Rf3 Rf7 24. Raf1 Raf8 25. Rg3 Rg8 26. Kh1 Bc8 27. Qh4
Kg7 28. Rgf3 Rgf8 29. Qe1 Bd7 30. Qb4 Rc8 31. Rxf6 1-0

[Event "Gausdal Classics IM-A"]
[Site "Gausdal NOR"]
[Date "2005.04.15"]
[Round "3.5"]
[White "Andreasen, Per"]
[Black "Ghannoum, Marc"]
[Result "1/2-1/2"]
[WhiteElo "2323"]
[BlackElo "2252"]
[PlyCount "126"]
[EventDate "2005.04.14"]
[EventType "swiss"]
[EventRounds "9"]
[EventCountry "NOR"]
[EventCategory "2"]
[Source "lmi"]
[SourceDate "2005.04.22"]

1. Nf3 f5 2. g3 Nf6 3. Bg2 g6 4. b3 Bg7 5. Bb2 O-O 6. O-O d6 7. d4 c6 8. Nbd2
Ne4 9. e3 a5 10. a4 Na6 11. Ne1 Nxd2 12. Qxd2 e5 13. Bc3 Nb8 14. dxe5 dxe5 15.
Qxd8 Rxd8 16. e4 fxe4 17. Bxe4 Bh3 18. Ng2 Nd7 19. Rfe1 Nc5 20. Nh4 Nxe4 21.
Rxe4 Rd5 22. Rae1 g5 23. Ng2 Bf5 24. R4e2 Bg4 25. Rd2 Rc5 26. Bb2 b5 27. Ba3 b4
28. Bb2 Re8 29. Ne3 Bf3 30. Nf5 Bf6 31. h3 Rd5 32. Rxd5 cxd5 33. c3 h5 34. cxb4
axb4 35. Re3 g4 36. hxg4 hxg4 37. Nd4 Be4 38. Nc6 Rc8 39. Nxb4 Kf7 40. Rc3 Rh8
41. Kf1 Bf3 42. Ke1 Rh1+ 43. Kd2 Rb1 44. Nd3 Rd1+ 45. Kc2 e4 46. Rc7+ Ke8 47.
Ne5 Bxe5 48. Bxe5 d4 49. Rc4 e3 50. fxe3 dxe3 51. Bc3 e2 52. b4 e1=Q 53. Bxe1
Rxe1 54. b5 Re4 55. Rxe4+ Bxe4+ 56. Kc3 Kd7 57. Kd4 Bc2 58. a5 Kd6 59. a6 Bd1
60. Ke3 Kc7 61. Kf4 Kb6 62. Kg5 Bf3 63. Kf4 Be2 1/2-1/2

[Event "Gausdal Classics IM-A"]
[Site "Gausdal NOR"]
[Date "2005.04.16"]
[Round "4.1"]
[White "Kveinys, Aloyzas"]
[Black "Ghannoum, Marc"]
[Result "1-0"]
[WhiteElo "2539"]
[BlackElo "2252"]
[PlyCount "103"]
[EventDate "2005.04.14"]
[EventType "swiss"]
[EventRounds "9"]
[EventCountry "NOR"]
[EventCategory "2"]
[Source "lmi"]
[SourceDate "2005.04.22"]

1. Nf3 Nc6 2. d4 d5 3. g3 Bf5 4. Bg2 Nb4 5. Na3 e6 6. O-O Be7 7. c3 Na6 8. Qb3
Qc8 9. Re1 Be4 10. Nb1 Nf6 11. Nbd2 O-O 12. Nxe4 Nxe4 13. Nd2 Nxd2 14. Bxd2 c6
15. e4 dxe4 16. Bxe4 Bf6 17. a4 Nc7 18. Qc2 g6 19. h4 Nd5 20. h5 Ne7 21. Kg2
Nf5 22. hxg6 fxg6 23. Qb3 Kg7 24. Bd3 e5 25. Bxf5 Qxf5 26. Qxb7+ Kh8 27. Qxc6
exd4 28. Qe6 Qxe6 29. Rxe6 Rab8 30. Ra2 dxc3 31. bxc3 Rbc8 32. Be3 a5 33. Rxf6
Rxf6 34. Bd4 Kg7 35. Rb2 Rcc6 36. Rb7+ Kg8 37. Bxf6 Rxf6 38. Rb5 Rc6 39. Rxa5
Rxc3 40. Ra7 g5 41. a5 g4 42. Kf1 Rc2 43. a6 Ra2 44. Ke1 h6 45. Kd1 Kf8 46. Kc1
Kg8 47. Kb1 Ra5 48. Kb2 Kf8 49. Kb3 Ra1 50. Kb4 Ke8 51. Kb5 Kd8 52. Rh7 1-0

[Event "Gausdal Classics IM-A"]
[Site "Gausdal NOR"]
[Date "2005.04.16"]
[Round "4.2"]
[White "Moskow, Eric"]
[Black "Andreasen, Per"]
[Result "1-0"]
[WhiteElo "2194"]
[BlackElo "2323"]
[PlyCount "81"]
[EventDate "2005.04.14"]
[EventType "swiss"]
[EventRounds "9"]
[EventCountry "NOR"]
[EventCategory "2"]
[Source "lmi"]
[SourceDate "2005.04.22"]

1. c4 c5 2. Nc3 Nf6 3. Nf3 b6 4. g3 Bb7 5. Bg2 e6 6. O-O Be7 7. d4 cxd4 8. Qxd4
O-O 9. Rd1 Nc6 10. Qf4 a6 11. b3 Nh5 12. Qd2 Nf6 13. Bb2 Qb8 14. Na4 Qc7 15.
Qf4 d6 16. Rac1 Rad8 17. Nc3 Qb8 18. e4 Nd7 19. Rd2 Ba8 20. Bf1 Nde5 21. Rcd1
f5 22. Qe3 Nxf3+ 23. Qxf3 fxe4 24. Qg4 Ne5 25. Qxe6+ Kh8 26. Nd5 Nf3+ 27. Kg2
Bg5 28. Re2 b5 29. h4 Rde8 30. Qg4 Bh6 31. Rxe4 Rxe4 32. Qxe4 Qa7 33. Bd3 Nxh4+
34. gxh4 Qxf2+ 35. Kh1 Qf3+ 36. Qxf3 Rxf3 37. Kg2 Rf8 38. Rf1 Re8 39. Bd4 Kg8
40. Kg3 Bd2 41. Nc7 1-0

[Event "Gausdal Classics IM-A"]
[Site "Gausdal NOR"]
[Date "2005.04.16"]
[Round "4.3"]
[White "Johannessen, Svein"]
[Black "Westerinen, Heikki MJ"]
[Result "0-1"]
[WhiteElo "2281"]
[BlackElo "2365"]
[PlyCount "68"]
[EventDate "2005.04.14"]
[EventType "swiss"]
[EventRounds "9"]
[EventCountry "NOR"]
[EventCategory "2"]
[Source "lmi"]
[SourceDate "2005.04.22"]

1. e4 e6 2. d4 d5 3. exd5 exd5 4. c4 Nf6 5. Nc3 Bb4 6. a3 Bxc3+ 7. bxc3 O-O 8.
Bd3 dxc4 9. Bxc4 Be6 10. Bd3 Bd5 11. f3 Qe8+ 12. Ne2 Qc6 13. O-O Nbd7 14. a4
Bc4 15. a5 Rfe8 16. Re1 Nd5 17. Bxc4 Qxc4 18. Ra4 Qc6 19. Bd2 b5 20. axb6 N5xb6
21. Ra1 a5 22. Ng3 a4 23. Nf5 Qc4 24. Qb1 Nd5 25. Ra3 N7f6 26. Ng3 c5 27. Rxe8+
Rxe8 28. Qf1 Qxf1+ 29. Kxf1 cxd4 30. cxd4 Nb6 31. Ba5 Nfd5 32. Ne4 Nc4 33. Rxa4
Ra8 34. Nc3 Nd2+ 0-1

[Event "Gausdal Classics IM-A"]
[Site "Gausdal NOR"]
[Date "2005.04.16"]
[Round "4.4"]
[White "Cooksey, Paul"]
[Black "Hole, Oystein"]
[Result "0-1"]
[WhiteElo "2252"]
[BlackElo "2329"]
[PlyCount "60"]
[EventDate "2005.04.14"]
[EventType "swiss"]
[EventRounds "9"]
[EventCountry "NOR"]
[EventCategory "2"]
[Source "lmi"]
[SourceDate "2005.04.22"]

1. d4 d5 2. c4 c6 3. Nf3 Nf6 4. Nc3 dxc4 5. e3 b5 6. a4 b4 7. Na2 e6 8. Bxc4 a5
9. O-O Be7 10. Bd2 O-O 11. Nc1 Bb7 12. Nb3 Nbd7 13. Qe2 c5 14. Rfc1 Qb6 15. Bb5
Bd5 16. dxc5 Nxc5 17. Nxc5 Bxc5 18. Ne5 Rfc8 19. f3 Rc7 20. Kh1 Bb7 21. e4 Rd8
22. Nc4 Qa7 23. Bf4 Rcc8 24. Rd1 Nh5 25. Rxd8+ Rxd8 26. Bc7 Rd4 27. Rd1 h6 28.
Rxd4 Bxd4 29. Bxa5 Qc5 30. Bb6 Ng3+ 0-1

[Event "Gausdal Classics IM-A"]
[Site "Gausdal NOR"]
[Date "2005.04.16"]
[Round "4.5"]
[White "Ferkingstad, Sjur"]
[Black "Bentsen, Hakon"]
[Result "1/2-1/2"]
[WhiteElo "2237"]
[BlackElo "2159"]
[PlyCount "137"]
[EventDate "2005.04.14"]
[EventType "swiss"]
[EventRounds "9"]
[EventCountry "NOR"]
[EventCategory "2"]
[Source "lmi"]
[SourceDate "2005.04.22"]

1. e4 e5 2. f4 exf4 3. Nf3 d5 4. exd5 Nf6 5. Nc3 Nxd5 6. Bc4 Nxc3 7. bxc3 Bd6
8. Qe2+ Qe7 9. Qxe7+ Kxe7 10. O-O f6 11. d4 Nc6 12. Bd2 Re8 13. Bd3 g6 14. Ne1
Kf7 15. Bxf4 Bxf4 16. Rxf4 Bd7 17. Nf3 Kg7 18. Nd2 Ne7 19. c4 Bf5 20. Raf1 Rad8
21. g4 Bxd3 22. cxd3 f5 23. Nf3 fxg4 24. Ng5 Nf5 25. d5 Rd7 26. Ne6+ Kg8 27.
Nc5 Rde7 28. Nxb7 Re2 29. Nc5 g3 30. hxg3 Nxg3 31. R1f2 Re1+ 32. Kg2 Nf5 33.
Ne4 Rb8 34. Ng5 Rbb1 35. Nh3 Re3 36. d4 Rd3 37. c5 h5 38. Re4 Ne3+ 39. Rxe3
Rxe3 40. Nf4 Re7 41. Ne6 Rb8 42. Rf6 Kh7 43. Kg3 Kh6 44. Kf3 Rb1 45. Kg3 Rb8
46. Kf4 Rb2 47. d6 cxd6 48. cxd6 Rd7 49. Ke5 h4 50. Rf8 Re2+ 51. Kd5 h3 52.
Rh8+ Rh7 53. Rxh7+ Kxh7 54. Ng5+ Kg7 55. Nxh3 Kf7 56. Ng5+ Ke8 57. a4 Kd7 58.
Nf3 Ra2 59. Ne5+ Kd8 60. Ke6 Re2 61. d7 Re4 62. Kf6 g5 63. Kxg5 Rxd4 64. Nc6+
Kxd7 65. Nxd4 Kd6 66. Nc2 Kd5 67. Kf5 a5 68. Na3 Kc5 69. Ke4 1/2-1/2

[Event "Gausdal Classics IM-A"]
[Site "Gausdal NOR"]
[Date "2005.04.17"]
[Round "5.1"]
[White "Bentsen, Hakon"]
[Black "Kveinys, Aloyzas"]
[Result "1/2-1/2"]
[WhiteElo "2159"]
[BlackElo "2539"]
[PlyCount "77"]
[EventDate "2005.04.14"]
[EventType "swiss"]
[EventRounds "9"]
[EventCountry "NOR"]
[EventCategory "2"]
[Source "lmi"]
[SourceDate "2005.04.22"]

1. e4 c5 2. Nc3 e6 3. g3 d5 4. exd5 exd5 5. Bg2 Nf6 6. d3 Be7 7. Nge2 d4 8. Ne4
Nxe4 9. Bxe4 Nd7 10. O-O Nf6 11. Bg2 O-O 12. c4 dxc3 13. Nxc3 h6 14. Re1 a6 15.
Qb3 Ra7 16. Be3 b5 17. Ne4 Rc7 18. a4 Be6 19. Qd1 Nd5 20. axb5 Nxe3 21. Rxe3
axb5 22. Nc3 Qd7 23. Bd5 Bxd5 24. Rxe7 Qxe7 25. Nxd5 Qd6 26. Nxc7 Qxc7 27. Qb3
Qb7 28. Qc3 Qd5 29. Ra5 Re8 30. Rxb5 Re2 31. Kf1 Qf3 32. Qxc5 Re8 33. Qd5 Qxd5
34. Rxd5 Rb8 35. Ke2 Rxb2+ 36. Ke3 g6 37. h4 h5 38. Re5 Kg7 39. Re4 1/2-1/2

[Event "Gausdal Classics IM-A"]
[Site "Gausdal NOR"]
[Date "2005.04.17"]
[Round "5.2"]
[White "Hole, Oystein"]
[Black "Ferkingstad, Sjur"]
[Result "1/2-1/2"]
[WhiteElo "2329"]
[BlackElo "2237"]
[PlyCount "45"]
[EventDate "2005.04.14"]
[EventType "swiss"]
[EventRounds "9"]
[EventCountry "NOR"]
[EventCategory "2"]
[Source "lmi"]
[SourceDate "2005.04.22"]

1. Nf3 f5 2. c4 g6 3. g3 Bg7 4. d4 Nf6 5. Bg2 O-O 6. O-O d6 7. Nc3 Qe8 8. d5
Na6 9. Nd4 Bd7 10. Rb1 c5 11. dxc6 bxc6 12. b4 Rc8 13. Qa4 Nxb4 14. Nxf5 Bxf5
15. Rxb4 Ng4 16. Nd1 c5 17. Qxe8 Rfxe8 18. Ra4 Rc7 19. h3 Ne5 20. Ne3 Bd7 21.
Ra6 Be6 22. Ra4 Bd7 23. Ra6 1/2-1/2

[Event "Gausdal Classics IM-A"]
[Site "Gausdal NOR"]
[Date "2005.04.17"]
[Round "5.3"]
[White "Westerinen, Heikki MJ"]
[Black "Cooksey, Paul"]
[Result "1-0"]
[WhiteElo "2365"]
[BlackElo "2252"]
[PlyCount "129"]
[EventDate "2005.04.14"]
[EventType "swiss"]
[EventRounds "9"]
[EventCountry "NOR"]
[EventCategory "2"]
[Source "lmi"]
[SourceDate "2005.04.22"]

1. e4 c6 2. d4 d5 3. f3 e6 4. Nc3 Bb4 5. Bf4 Ne7 6. Qd3 b6 7. Nge2 Ba6 8. Qe3
Nd7 9. O-O-O Bxe2 10. Bxe2 b5 11. exd5 cxd5 12. Bxb5 Rc8 13. Na4 Ng6 14. Nc5
Bxc5 15. dxc5 Nxf4 16. c6 O-O 17. Qxf4 Nb8 18. Rd3 Nxc6 19. Rhd1 Qa5 20. Qa4
Qxa4 21. Bxa4 Ne5 22. Rd4 Nc6 23. Bxc6 Rxc6 24. Ra4 Rc7 25. Rdd4 Rd8 26. Ra5
Kf8 27. c3 Ke7 28. Kc2 Rb8 29. a3 h5 30. Rb4 Rd8 31. f4 Kf6 32. Kd3 g6 33. Ke3
Re8 34. Kf3 Rd8 35. g3 Re8 36. Rab5 Rd8 37. a4 Rd6 38. Ke3 Rdc6 39. Rb7 Ke7 40.
Kd3 Kd6 41. Rxc7 Rxc7 42. c4 e5 43. cxd5 exf4 44. Rxf4 Kxd5 45. b4 Ke5 46. Rc4
Rd7+ 47. Ke3 f6 48. Rc5+ Ke6 49. Ra5 Rb7 50. b5 Rc7 51. Kd4 Re7 52. Ra6+ Kf5
53. a5 g5 54. b6 axb6 55. axb6 Kg4 56. Ra2 h4 57. gxh4 Kxh4 58. Rf2 Rf7 59. Ke4
Kg4 60. Rg2+ Kh3 61. Rb2 f5+ 62. Ke5 Rb7 63. Kxf5 g4 64. Rb3+ Kh4 65. Ke6 1-0

[Event "Gausdal Classics IM-A"]
[Site "Gausdal NOR"]
[Date "2005.04.17"]
[Round "5.4"]
[White "Andreasen, Per"]
[Black "Johannessen, Svein"]
[Result "1-0"]
[WhiteElo "2323"]
[BlackElo "2281"]
[PlyCount "71"]
[EventDate "2005.04.14"]
[EventType "swiss"]
[EventRounds "9"]
[EventCountry "NOR"]
[EventCategory "2"]
[Source "lmi"]
[SourceDate "2005.04.22"]

1. Nf3 Nc6 2. g3 e5 3. d3 f5 4. Bg2 Nf6 5. O-O d6 6. c4 g6 7. Nc3 Bg7 8. Rb1
O-O 9. b4 a6 10. a4 Kh8 11. b5 axb5 12. axb5 Na5 13. Nd2 c6 14. Nb3 d5 15. bxc6
bxc6 16. cxd5 cxd5 17. Bg5 Be6 18. Nc5 Bg8 19. Qd2 Rc8 20. N3a4 Nc6 21. Nb6 Rc7
22. Rfc1 Nd4 23. e3 Nc6 24. Na6 Ra7 25. Rxc6 Rxa6 26. Qc2 Qb8 27. Bxf6 Bxf6 28.
Rxf6 Rxf6 29. Nd7 Qd8 30. Nxf6 Qxf6 31. Rb8 Ra1+ 32. Bf1 Ra7 33. Qc5 Re7 34.
Qxd5 Qe6 35. Qxe6 Rxe6 36. d4 1-0

[Event "Gausdal Classics IM-A"]
[Site "Gausdal NOR"]
[Date "2005.04.17"]
[Round "5.5"]
[White "Ghannoum, Marc"]
[Black "Moskow, Eric"]
[Result "0-1"]
[WhiteElo "2252"]
[BlackElo "2194"]
[PlyCount "52"]
[EventDate "2005.04.14"]
[EventType "swiss"]
[EventRounds "9"]
[EventCountry "NOR"]
[EventCategory "2"]
[Source "lmi"]
[SourceDate "2005.04.22"]

1. d4 e6 2. Nf3 d5 3. e3 Nf6 4. Bd3 c5 5. b3 cxd4 6. exd4 Qa5+ 7. Bd2 Qc7 8.
O-O Nc6 9. c4 Be7 10. Nc3 dxc4 11. bxc4 O-O 12. Rc1 Qd8 13. Bg5 b6 14. Re1 Bb7
15. Qd2 Rc8 16. Bb1 Na5 17. Ne5 g6 18. Qd3 Nd7 19. Bh6 Nxe5 20. Rxe5 Nxc4 21.
Rh5 Na3 22. Bxf8 Bxf8 23. Rh3 Qg5 24. Qf1 Bxg2 25. Rg3 Qxg3 26. Qa6 Bb7+ 0-1

[Event "Gausdal Classics IM-A"]
[Site "Gausdal NOR"]
[Date "2005.04.18"]
[Round "6.1"]
[White "Kveinys, Aloyzas"]
[Black "Moskow, Eric"]
[Result "1-0"]
[WhiteElo "2539"]
[BlackElo "2194"]
[PlyCount "90"]
[EventDate "2005.04.14"]
[EventType "swiss"]
[EventRounds "9"]
[EventCountry "NOR"]
[EventCategory "2"]
[Source "lmi"]
[SourceDate "2005.04.22"]

1. c4 e5 2. g3 Nf6 3. Bg2 Nc6 4. Nc3 Bb4 5. Nf3 O-O 6. O-O Re8 7. d3 h6 8. e4
d6 9. h3 a5 10. Na4 Be6 11. Nh4 Bc5 12. Nxc5 dxc5 13. Nf5 Nd4 14. g4 Ra6 15.
Be3 Bxf5 16. gxf5 Rd6 17. Rc1 b6 18. Kh2 Kh7 19. Rg1 Qe7 20. Bf1 Red8 21. Rc3
Qe8 22. Kh1 Qc6 23. Rg2 Qe8 24. Rg3 Nc6 25. Qf3 Qe7 26. Qg2 Qf8 27. f4 Nd7 28.
fxe5 Ndxe5 29. Bf4 f6 30. Be2 R8d7 31. Bd1 Nd4 32. Rc1 c6 33. a3 Ra7 34. Bh5
Qe7 35. Rg1 Qf8 36. h4 Rdd7 37. Kh2 Re7 38. Bxh6 Kxh6 39. Bg6 Nxg6 40. fxg6 Qb8
41. Qd2+ Kh5 42. Kh1 Qe5 43. Rg5+ fxg5 44. Rxg5+ Kxh4 45. Rxe5 Rxe5 1-0

[Event "Gausdal Classics IM-A"]
[Site "Gausdal NOR"]
[Date "2005.04.18"]
[Round "6.2"]
[White "Johannessen, Svein"]
[Black "Ghannoum, Marc"]
[Result "1/2-1/2"]
[WhiteElo "2281"]
[BlackElo "2252"]
[PlyCount "27"]
[EventDate "2005.04.14"]
[EventType "swiss"]
[EventRounds "9"]
[EventCountry "NOR"]
[EventCategory "2"]
[Source "lmi"]
[SourceDate "2005.04.22"]

1. e4 e5 2. Nc3 Nf6 3. g3 d5 4. exd5 Nxd5 5. Bg2 Nxc3 6. bxc3 Bd6 7. Ne2 O-O 8.
O-O Nc6 9. Rb1 Ne7 10. d4 c6 11. f4 exd4 12. cxd4 Qa5 13. a3 Qa6 14. Nc3
1/2-1/2

[Event "Gausdal Classics IM-A"]
[Site "Gausdal NOR"]
[Date "2005.04.18"]
[Round "6.3"]
[White "Cooksey, Paul"]
[Black "Andreasen, Per"]
[Result "1/2-1/2"]
[WhiteElo "2252"]
[BlackElo "2323"]
[PlyCount "31"]
[EventDate "2005.04.14"]
[EventType "swiss"]
[EventRounds "9"]
[EventCountry "NOR"]
[EventCategory "2"]
[Source "lmi"]
[SourceDate "2005.04.22"]

1. d4 g6 2. c4 Bg7 3. e4 d6 4. Nc3 e5 5. Nge2 Nc6 6. d5 Nce7 7. Be3 f5 8. f3
Nf6 9. Qd2 fxe4 10. Nxe4 Nf5 11. N2g3 Nxe4 12. Nxe4 Nxe3 13. Qxe3 Qh4+ 14. Qf2
Qf4 15. Qd2 Qxd2+ 16. Kxd2 1/2-1/2

[Event "Gausdal Classics IM-A"]
[Site "Gausdal NOR"]
[Date "2005.04.18"]
[Round "6.4"]
[White "Ferkingstad, Sjur"]
[Black "Westerinen, Heikki MJ"]
[Result "0-1"]
[WhiteElo "2237"]
[BlackElo "2365"]
[PlyCount "80"]
[EventDate "2005.04.14"]
[EventType "swiss"]
[EventRounds "9"]
[EventCountry "NOR"]
[EventCategory "2"]
[Source "lmi"]
[SourceDate "2005.04.22"]

1. e4 e5 2. f4 exf4 3. Nf3 d6 4. Bc4 h6 5. d3 g5 6. g3 Nc6 7. gxf4 g4 8. Ng1
Qh4+ 9. Kf1 Be6 10. Bxe6 fxe6 11. Nc3 Nf6 12. Kg2 O-O-O 13. Nce2 d5 14. e5 Bc5
15. d4 Ne4 16. Be3 Bb6 17. c3 Ne7 18. Ng3 Nf5 19. Qe1 Qe7 20. Nxf5 exf5 21. Ne2
h5 22. Ng3 h4 23. Nxe4 dxe4 24. Rf1 c5 25. a4 cxd4 26. cxd4 Kb8 27. Rd1 Rd5 28.
Qc3 Rc8 29. Qb3 Qd7 30. Rd2 h3+ 31. Kh1 Qc6 32. Rfd1 Qc4 33. Qxc4 Rxc4 34. b3
Rc3 35. Bg1 e3 36. Re2 Rxd4 37. Rb1 Rxf4 38. b4 Re4 39. a5 Bd4 40. Rf1 f4 0-1

[Event "Gausdal Classics IM-A"]
[Site "Gausdal NOR"]
[Date "2005.04.18"]
[Round "6.5"]
[White "Bentsen, Hakon"]
[Black "Hole, Oystein"]
[Result "0-1"]
[WhiteElo "2159"]
[BlackElo "2329"]
[PlyCount "86"]
[EventDate "2005.04.14"]
[EventType "swiss"]
[EventRounds "9"]
[EventCountry "NOR"]
[EventCategory "2"]
[Source "lmi"]
[SourceDate "2005.04.22"]

1. e4 c6 2. d4 d5 3. Nc3 dxe4 4. Nxe4 Bf5 5. Ng3 Bg6 6. h4 h6 7. Nf3 Nd7 8. h5
Bh7 9. Bd3 Bxd3 10. Qxd3 Qc7 11. Bd2 Ngf6 12. Ne4 e6 13. g3 Nxe4 14. Qxe4 Nf6
15. Qe2 O-O-O 16. O-O-O Bd6 17. c4 c5 18. Bc3 cxd4 19. Nxd4 a6 20. Kb1 Rhe8 21.
Nb3 Qc6 22. c5 Bc7 23. Bxf6 gxf6 24. Qe3 Rxd1+ 25. Rxd1 Rd8 26. Rxd8+ Bxd8 27.
Qxh6 Qe4+ 28. Ka1 Qf3 29. Qc1 Qxh5 30. a3 Qf3 31. Qc2 f5 32. Qc4 Bf6 33. Qb4
Qxf2 34. Na5 Qf1+ 35. Ka2 Qb5 36. Nc4 Qxb4 37. axb4 Kc7 38. Kb3 Bd4 39. Nd6 f6
40. b5 Bxc5 41. Ne8+ Kd8 42. Nxf6 axb5 43. Nh5 Ke7 0-1

[Event "Gausdal Classics IM-A"]
[Site "Gausdal NOR"]
[Date "2005.04.19"]
[Round "7.1"]
[White "Hole, Oystein"]
[Black "Kveinys, Aloyzas"]
[Result "0-1"]
[WhiteElo "2329"]
[BlackElo "2539"]
[PlyCount "126"]
[EventDate "2005.04.14"]
[EventType "swiss"]
[EventRounds "9"]
[EventCountry "NOR"]
[EventCategory "2"]
[Source "lmi"]
[SourceDate "2005.04.22"]

1. Nf3 d5 2. d4 Nf6 3. c4 e6 4. Nc3 Nbd7 5. Bg5 c6 6. e3 Qa5 7. cxd5 Nxd5 8.
Qd2 Bb4 9. Rc1 h6 10. Bh4 c5 11. Bd3 cxd4 12. exd4 b6 13. O-O Bb7 14. Bb5 Qxb5
15. Nxb5 Bxd2 16. Nd6+ Kf8 17. Nxd2 Ba6 18. Rfe1 N7f6 19. a3 Nh5 20. b4 g5 21.
Bg3 Nxg3 22. hxg3 Ke7 23. N2c4 Bxc4 24. Nxc4 Rac8 25. Ne3 Nxe3 26. fxe3 f5 27.
Kf2 Kd6 28. Ke2 Kd5 29. Kd3 h5 30. Rh1 Rxc1 31. Rxc1 h4 32. gxh4 gxh4 33. b5
Rg8 34. Rc7 e5 35. dxe5 Rxg2 36. Rxa7 h3 37. e6 h2 38. Rh7 Kxe6 39. Kc4 Ke5 40.
a4 Ke4 41. Rh3 Re2 42. Kb4 Kd3 43. Kb3 Rg2 44. a5 bxa5 45. Ka4 Rb2 46. Kxa5 Kc4
47. Kb6 Rxb5+ 48. Kc6 Rb2 49. Kd6 Re2 50. Ke5 Rxe3+ 51. Rxe3 h1=Q 52. Kxf5 Kd4
53. Re7 Qh5+ 54. Kf6 Kd5 55. Rd7+ Kc6 56. Rg7 Kd6 57. Rg5 Qf3+ 58. Rf5 Qg4 59.
Ra5 Qd4+ 60. Kf7 Qc4+ 61. Kg6 Ke6 62. Ra3 Qc2+ 63. Kh5 Qc5+ 0-1